000
00318nam a2200133Ia 4500
008
240624s9999 xx 000 0 und d
041
_a
eng
082
_a
823 CHA
100
_a
CHANDRASEKAR R
245
_a
GOAT THE SOFA AND MR SWAMI
260
_c
2010
_a
New Delhi
_b
Hachette India
300
_a
306 : p.
365
_c
RS
999
_c
18399
_d
18399